Better than Normal : Why What Makes You Different Makes You Exceptional

Bibliographic Details
Main Author: Archer, Dale
Format: Book
Published: USA : Crown Archetype , 2012
Subjects:

MARC

LEADER 00000cam a2200000 7i4500
001 0000094286
005 20120612.0
008 120612 eng
020 |a 9780307887467 
090 0 0 |a 155.2 ARC 
100 1 |a Archer, Dale 
245 1 0 |a Better than Normal :   |b Why What Makes You Different Makes You Exceptional   |c Dale Archer. 
260 |a USA :   |b Crown Archetype ,   |c 2012 
300 |a 245 p. ;   |c 25 cm. 
650 0 0 |a Personality disorders 
999 |a 0000126166   |b Buku   |c Rujukan   |e Perpustakaan Komuniti UTC Melaka